000 00538nam a2200181Ia 4500
005 20250508152839.0
008 008 250505s9999 xx 000 0 eng d
037 _aTextual
040 _aFEDL
_beng
_cFEDL
041 _aeng
_2eng
084 _a371.928, ROT
_qFEDL
100 _aRothstein Jerome H Ed.
_989265
245 0 _aMental retardation: Readings and resources
260 _aNew York, USA
_bHolt, Rinehart and Winston
_c1961
300 _axii,628p.
942 _cTEXL
_h371.928, ROT
999 _c1339173
_d1339173